00725 2200229 4500001002100000005001700021008004100038035002400079082001800103090002300121245012300144260007400267300001700341500002900358650001900387700002300406700001700429850001500446980001300461985000600474999001500480YOGYA-0209000000961920090227021232.0 ind  0010-020900000009619 a301.350992111 a301.350992111bPem aPEMUKIMAN sebagai kesatuan ekosistem Daerah Istimewa Acehcpenulis Syamsuddin ahmud .. [et al.] ; editor, Mc. Suprapti aJakartabProyek Inventarisasi dan Dokumentasi Kebudayaan daerahc1986 a95 hlmc21cm aBibliografi : hlm. 80-82 aAceh - Keadaan aMahmud, Syamsuddin aSuprapti, MC aYOPDYOG(B) a22-06-05 a1 aA000002580